Sexual orientation and immigration : the basic.
Guardat en:
| Autor corporatiu: | |
|---|---|
| Format: | Llibre |
| Idioma: | anglès espanyol |
| Publicat: |
New York :
Lambda Legal, Immigration Equality,
c2006
|
| Etiquetes: |
Sense etiquetes, Sigues el primer a etiquetar aquest registre!
|
MARC
| LEADER | 00000nam a22000007i 4500 | ||
|---|---|---|---|
| 001 | IT\ICCU\UBO\3654391 | ||
| 003 | ItRI | ||
| 005 | 20260115232226.0 | ||
| 008 | 090622s2006 xxu|||||| ||||| |||||c | ||
| 040 | |b ita |c importazione bologna sebina | ||
| 041 | 7 | |a eng |a spa |2 ISO-639-2 | |
| 245 | 0 | 0 | |a Sexual orientation and immigration : |b the basic. |
| 246 | 1 | 1 | |a Orientacion sexual e inmigracion |e lo basico. : |b lo basico. : |9 IT\ICCU\UBO\3654402 |
| 260 | |a New York : |b Lambda Legal, Immigration Equality, |c c2006 | ||
| 300 | |a 1 v. : |b 18 cm | ||
| 500 | |a Pubbl. bifronte. | ||
| 710 | 2 | |a Immigration Equality |0 IT\ICCU\UBOV\344678 | |
| 942 | |2 ddc |c BK |n 0 | ||
| 952 | |0 0 |1 0 |4 0 |6 DOC_325_100000000000000_LAM |7 0 |9 22356 |a BO |b BO |d 2026-01-15 |i 12851 |l 0 |o DOC 325.1 LAM |p BO12851 |r 2026-01-15 23:22:26 |w 2026-01-15 |x [Sebina 7] [1 v.] |y BK |z 1 v. | ||
| 999 | |c 19092 |d 19092 | ||